Las virtudes cristianas: instrucciones doctrinales dirigidas a los jóvenes

Uloženo v:
Podrobná bibliografie
Hlavní autor: Toublan (Autor)
Médium: Kniha
Jazyk:španělština
Vydáno: Barcelona Eugenio Subirana 1924
Vydání:1a. ed
Edice:Biblioteca del Orador Sagrado, 21-22
Témata:
Tagy: Přidat tag
Žádné tagy, Buďte první, kdo vytvoří štítek k tomuto záznamu!

MARC

LEADER 00000cam a2200000 a 4500
001 UCD0879
003 CL-VaPUC
008 151218e19240000sp |||||||||||||||||spa|d
082 0 4 |a 179.9  |b TOU  |2 21 
100 0 |a Toublan  |e author  |9 583909 
245 1 4 |a Las virtudes cristianas: instrucciones doctrinales dirigidas a los jóvenes 
250 |a 1a. ed 
300 |a t 
942 |c BK 
945 |d 20151218 14:15:00  |a gsalatino 
260 |a Barcelona  |b Eugenio Subirana  |c 1924 
650 0 |a Virtudes  |9 309526 
650 7 |a DOCTRINA CRISTIANA  |2 CL-VaPUC  |9 339115 
650 0 |a Teología moral   |9 256617 
650 0 |a Ética  |9 255099 
583 |a last modification  |c 20151218 14:15:00  |k Rodrigo Vera 
490 0 |a Biblioteca del Orador Sagrado, 21-22 
999 |c 362316  |d 362314 
952 |0 0  |1 0  |3 erd  |4 0  |6 179_900000000000000_TOU_1924  |7 0  |8 P  |9 473380  |a BIBTEO  |b BIBTES  |c TEO_FTES  |h t.1  |i 5274354  |o 179.9 TOU 1924  |p 5274354  |r 2024-01-18  |w 2019-11-24  |y BK  |z Catalogado en:20151218  |k ICR 
952 |0 0  |1 0  |3 erd  |4 0  |6 179_900000000000000_TOU_1924  |7 0  |8 P  |9 473381  |a BIBTEO  |b BIBTES  |c TEO_FTES  |h t.2  |i 5274362  |o 179.9 TOU 1924  |p 5274362  |r 2024-01-18  |w 2019-11-24  |y BK  |z Catalogado en:20151218  |k ICR